Finančné riadenie podniku a kríza

Príčiny vzniku krízy v podnikoch a dôsledky finančnej krízy. Fázy krízového riadenia v podniku. Signály založené na finančných ukazovateloch. Likvidačné dôsledky krízy podnikov v SR.

Saved in:
Bibliographic Details
Main Author: Hyránek, Eduard, 1955-
Format: Book Chapter
Language:Slovak
Subjects:
Tags: Add Tag
No Tags, Be the first to tag this record!

MARC

LEADER 00000naa$a2200000$$$4500
001 0125244
005 20240605111219.0
041 0 |a slo 
044 |a SK 
245 1 0 |a Finančné riadenie podniku a kríza  |c Eduard Hyránek 
520 |a Príčiny vzniku krízy v podnikoch a dôsledky finančnej krízy. Fázy krízového riadenia v podniku. Signály založené na finančných ukazovateloch. Likvidačné dôsledky krízy podnikov v SR. 
610 2 0 |a kríza finančná 
610 2 0 |a podnik 
610 2 0 |a manažment finančný 
610 2 0 |a riadenie finančné 
610 2 0 |a prostriedky likvidné 
610 2 0 |a záväzky podniku 
610 2 0 |a solventnosť 
100 1 |a Hyránek, Eduard, 1955-